Bekannteste Flüsse je Land - Statistiken

Allgemein
  • Dieses Quiz wurde 145 mal gespielt
  • Das Durchschnittsergebnis liegt bei 16 aus 25
Antwortstatistiken
Land Fluss % Korrekt
Deutschland Rhein
98%
Brasilien Amazonas
96%
Ägypten Nil
95%
Italien Po
94%
Vereinigtes Königreich Themse
94%
Frankreich Seine
93%
Vereinigte Staaten Mississippi
90%
Ungarn Donau
87%
Russland Wolga
87%
D R Kongo Kongo
79%
Indien Ganges
75%
Nigeria Niger
68%
Irak Euphrat
63%
Spanien Ebro
60%
Ukraine Dnjepr
59%
Vietnam Mekong
59%
Polen Weichsel
59%
Sambia Sambesi
52%
China Jangtsekiang
46%
Belgien Maas
38%
Uruguay Uruguay
30%
Australien Murray
25%
Venezuela Orinoco
25%
Argentinien Paraná
21%
Kanada Mackenzie River
17%
Keine übereinstimmenden Quizze gefunden
Verteilung der Resultate
Anzahl Personen mit jedem Resultat
Perzentil nach korrekt beantworteten Fragen
Ihre Resultats-Entwicklung
Sie haben dieses Quiz noch nicht gespielt